| 000 | 01076nam a22002537a 4500 | ||
|---|---|---|---|
| 003 | OSt | ||
| 005 | 20200911143754.0 | ||
| 008 | 200911b2000 ck ac||gr|||| 00| 0 spa d | ||
| 040 |
_aCO-JMCR _cCO-JMCR |
||
| 041 | 0 | _aspa | |
| 082 | 0 | 4 |
_223 _a352.0986126 / _bS761c |
| 100 | 1 |
_aSpitaletta H., Reinaldo, _eautor _910184 |
|
| 245 | 1 | 3 |
_aDe cuerpo entero : _banécdotas edilicias de siglo / _cReinaldo Spitaletta H., Ana Pastricia Barrientos G., fotografías, Fernando Loaiza |
| 260 |
_aMedellín (Colombia) : _bConcejo de Medellín, _c2000. |
||
| 300 |
_a143 páginas : _bilustraciones, retratos a color ; _c23 cm. |
||
| 500 | _adatos biográficos páginas 125-143. | ||
| 505 | 0 | _aDécada de los 60. -- Década de los 70. -- Década de los 80. -- Década de los 90. | |
| 650 | 2 | 4 |
_aConcejo de Medellín _xHistoria _910185 |
| 650 | 2 | 4 |
_aConcejos municipales _zMedellín (Colombia) _910186 |
| 650 | 2 | 4 |
_aAdministración pública _zMedellín _910187 |
| 700 | 1 |
_aBarrientos G., Ana Patricia, _eautra _910188 |
|
| 700 | 1 |
_aLoaiza, fernando, _efotógrafo _910189 |
|
| 942 |
_2ddc _cBK |
||
| 999 |
_c6840 _d6840 |
||